| 000 | 00910nmc a2200301 a 4500 | ||
|---|---|---|---|
| 003 | AR-BaBNM | ||
| 005 | 20251128204728.0 | ||
| 008 | 011101s1995 ||||||||||||||000 | spa|| | ||
| 020 | _a950-02-5808-0 | ||
| 040 | _cAR-BaBNM | ||
| 100 | 1 | _aParedes de Meaños, Zulema | |
| 245 | 1 | 0 | _aEl proyecto institucional en el marco de las transformaciones educativas |
| 260 |
_aBuenos Aires _bEl Ateneo _c1995 |
||
| 300 | 0 |
_a64 p. _bfichas, diagr., tablas |
|
| 490 | 0 | _aNuevos aires en educación | |
| 504 | _aContiene bibliografía de consulta en p. 63-64 | ||
| 650 | 4 | _aPLANIFICACION ESCOLAR | |
| 650 | 4 | _aMETODOS DE ENSENANZA | |
| 650 | 4 | _aPROYECTOS | |
| 650 | 4 | _aRELACION ESCUELA-ALUMNOS | |
| 650 | 4 | _aACTITUD DEL DOCENTE | |
| 650 | 4 | _aACTITUD DEL ALUMNO | |
| 650 | 4 | _aMETODOS DE EVALUACION | |
| 650 | 4 | _aPAPEL DE LA ESCUELA | |
| 650 | 4 | _aREFORMA DE LA EDUCACION | |
| 942 | _cBK | ||
| 998 | _cGLORIA | ||
| 999 |
_c8593 _d8593 |
||